[Event "Xeraco Region-ch Primera"]
[Site "Xeraco"]
[Date "2015.11.07"]
[Round "5.3"]
[White "Albert Molla, Jose Maria"]
[Black "Pallas i Garrido, Ernest Josep"]
[Result "0-1"]
[WhiteElo "1659"]
[BlackElo "1785"]
[PlyCount "58"]
[EventDate "2015.10.03"]
[EventType "swiss"]
[EventRounds "7"]
[EventCountry "ESP"]
[SourceTitle "EXT 2024"]
[Source "ChessBase"]
[SourceDate "2023.10.10"]
[SourceVersion "1"]
[SourceVersionDate "2023.10.10"]
[SourceQuality "1"]

1. c4 Nf6 2. Nf3 e6 3. Nc3 d5 4. e3 c6 5. d4 Bd6 6. Bd3 0-0 7. 0-0 Nbd7 8. Bd2 Qe7 9. cxd5 exd5 10. Qc2 Re8 11. Rfe1 Ne4 12. Bc1 Ndf6 13. Bxe4 Nxe4 14. Nxe4 dxe4 15. Nd2 Qh4 16. g3 Qg4 17. Qc4 Qh5 18. a3 Bh3 19. b4 Re6 20. Qe2 Bg4 21. Qf1 Rae8 22. Qg2 Bh3 23. Qh1 f5 24. f4 exf3 25. Qxf3 Bg4 26. Qf2 f4 27. Nf1 fxg3 28. Nxg3 Bxg3 29. hxg3 Rh6 0-1

[Event "Xeraco Region-ch Primera"]
[Site "Xeraco"]
[Date "2015.10.31"]
[Round "4.2"]
[White "Grau Peris, Ruben"]
[Black "Albert Molla, Jose Maria"]
[Result "1-0"]
[WhiteElo "1897"]
[BlackElo "1659"]
[PlyCount "69"]
[EventDate "2015.10.03"]
[EventType "swiss"]
[EventRounds "7"]
[EventCountry "ESP"]
[SourceTitle "EXT 2024"]
[Source "ChessBase"]
[SourceDate "2023.10.10"]
[SourceVersion "1"]
[SourceVersionDate "2023.10.10"]
[SourceQuality "1"]

1. d4 d5 2. Nf3 Nf6 3. Bg5 e6 4. e3 c5 5. c3 Nc6 6. Bd3 c4 7. Bc2 h6 8. Bh4 Be7 9. Nbd2 0-0 10. 0-0 a6 11. Re1 b5 12. a3 Bb7 13. Qe2 Qc7 14. e4 dxe4 15. Nxe4 Nd5 16. Bxe7 Qxe7 17. Nc5 Rfe8 18. Nxb7 Qxb7 19. Qe4 Nf6 20. Qf4 Ne7 21. Ne5 Ned5 22. Qf3 Re7 23. Re2 Qc7 24. Rae1 a5 25. h4 b4 26. axb4 axb4 27. cxb4 Rb8 28. Ra1 Ree8 29. g4 Nxb4 30. g5 Nxc2 31. Rxc2 hxg5 32. Rxc4 Qb6 33. hxg5 Qxb2 34. Rac1 Rb3 35. Qf4 1-0

[Event "Provincial-ch Xeraco Primera"]
[Site "Xeraco"]
[Date "2014.09.27"]
[Round "1.3"]
[White "Fenollar Bataller, David"]
[Black "Albert Molla, Jose Maria"]
[Result "0-1"]
[WhiteElo "1851"]
[BlackElo "1710"]
[PlyCount "92"]
[EventDate "2014.09.27"]
[EventType "swiss"]
[EventRounds "7"]
[EventCountry "ESP"]
[SourceTitle "EXT 2024"]
[Source "ChessBase"]
[SourceDate "2023.10.10"]
[SourceVersion "1"]
[SourceVersionDate "2023.10.10"]
[SourceQuality "1"]

1. b3 e5 2. Bb2 Nc6 3. e3 d5 4. Bb5 Bd6 5. f4 Qe7 6. Nf3 f6 7. fxe5 fxe5 8. Bxc6+ bxc6 9. Nxe5 Qg5 10. Nf3 Qg6 11. 0-0 Bg4 12. d3 Nf6 13. Nbd2 Qh6 14. Qe2 Bxh2+ 15. Kf2 Nh5 16. Rh1 Bg3+ 17. Kg1 Qe6 18. e4 Nf4 19. Qe3 Nh5 20. Nd4 Bf4 21. Qxf4 Nxf4 22. Nxe6 Nxe6 23. exd5 cxd5 24. Re1 Kd7 25. Rh4 h5 26. g3 Rhf8 27. Rf1 Rxf1+ 28. Kxf1 Rf8+ 29. Ke1 Rf7 30. Rh2 Ng5 31. Be5 c5 32. Bf4 Re7+ 33. Kf1 Nh3 34. Bb8 a6 35. d4 cxd4 36. Ba7 Ng5 37. Bxd4 Ne4 38. Nxe4 dxe4 39. Be3 Kc6 40. Ke1 Rf7 41. Rf2 Bf3 42. Rd2 Rd7 43. c4 Rd3 44. Kf2 Bg4 45. Rxd3 exd3 46. Bd4 d2 0-1

[Event "Provincial-ch Xativa Primera"]
[Site "Xativa"]
[Date "2012.11.24"]
[Round "7"]
[White "Alcaraz Moreno, Sergio"]
[Black "Albert Molla, Jose Maria"]
[Result "1-0"]
[WhiteElo "1604"]
[BlackElo "1854"]
[PlyCount "98"]
[EventDate "2012.10.06"]
[EventType "swiss"]
[EventRounds "7"]
[EventCountry "ESP"]
[SourceTitle "EXT 2024"]
[Source "ChessBase"]
[SourceDate "2023.10.10"]
[SourceVersion "1"]
[SourceVersionDate "2023.10.10"]
[SourceQuality "1"]

1. d4 d5 2. c4 c6 3. cxd5 cxd5 4. Nc3 Nf6 5. Bg5 e6 6. Nf3 Be7 7. e3 0-0 8. Bd3 Nc6 9. 0-0 a6 10. a3 h6 11. Bh4 Nd7 12. Bxe7 Qxe7 13. Rc1 f5 14. Nd2 Nf6 15. Re1 Qd6 16. f4 Bd7 17. Nf3 Ne4 18. Ne5 Nxe5 19. dxe5 Nxc3 20. Rxc3 Qb6 21. Rb3 Qa7 22. Qe2 Rac8 23. Qd2 Rc5 24. Rc3 Rfc8 25. Rec1 Rxc3 26. Rxc3 Rxc3 27. bxc3 Qc5 28. Qc1 b5 29. Kf2 a5 30. Qb2 Kf7 31. g3 Bc6 32. h4 d4 33. cxd4 Qd5 34. Ke1 Qf3 35. Qf2 b4 36. axb4 axb4 37. Qxf3 Bxf3 38. Bc4 Ke7 39. Kd2 Bc6 40. Kc2 Ba4+ 41. Kb2 h5 42. d5 exd5 43. Bxd5 Bd1 44. e4 Bf3 45. Kb3 Bxe4 46. Bxe4 fxe4 47. Kxb4 Ke6 48. Kc3 Kd5 49. Kd2 g6 1-0